| 000 | 00390nam a2200157Ia 4500 | ||
|---|---|---|---|
| 008 | 210719s1890 xx 000 0 und d | ||
| 041 | _aeng | ||
| 082 | _a223 RHYL | ||
| 100 | _aRHYS (Ernest) Ed. | ||
| 245 | _aLyrical poetry from the Bible. Vol.1. | ||
| 260 |
_aLondon _bJ M Dent and Company _c1890 |
||
| 300 |
_axxiii,191 _bHB |
||
| 365 | _cRs | ||
| 440 | _v1 | ||
| 650 | _aChristianity | ||
| 999 |
_c214062 _d214062 |
||